| 000 | 00516 a2200181 4500 | ||
|---|---|---|---|
| 999 |
_c178675 _d178675 |
||
| 008 | 170909b xxu||||| |||| 00| 0 eng d | ||
| 010 | _aB-192548 | ||
| 020 |
_a9780070604933 _c- |
||
| 020 | _a0070604932 | ||
| 035 | _aB-192548 | ||
| 082 |
_a510 _bBAU |
||
| 100 | _aBaumslag,Benjamin | ||
| 245 |
_aSchaum's outlines Group theory _cby Benjamin Baumslag, |
||
| 260 |
_aNew Delhi _bTata McGraw Hill _c2005 |
||
| 300 |
_a277p. _c24 cm (pbk) |
||
| 500 | _aincludes appendix & index | ||
| 942 |
_adpl _cEN _k510/BAU _2ddc |
||